[Event "66th ch-RUS 2013"]
[Site "Nizhny Novgorod RUS"]
[Date "2013.10.05"]
[Round "1.1"]
[White "Kramnik, Vladimir"]
[Black "Shomoev, Anton"]
[Result "1-0"]
[WhiteTitle "GM"]
[BlackTitle "GM"]
[WhiteElo "2796"]
[BlackElo "2579"]
[WhiteFideId "4101588"]
[BlackFideId "4135148"]
[EventDate "2013.10.05"]

1. Nf3 Nf6 2. g3 b6 3. Bg2 Bb7 4. O-O e6 5. d3 d5 6. Nbd2 g6 7. c4 Bg7 8. b4 Ne4
9. cxd5 exd5 10. Nb3 Bxa1 11. Nxa1 Nd6 12. Bg5 f6 13. Bf4 a5 14. bxa5 Rxa5 15.
Qc2 c5 16. Nb3 Ra7 17. Nxc5 bxc5 18. Qxc5 Ra6 19. Rb1 Nd7 20. Qe3+ Kf7 21. Bxd6
Ba8 22. Qf4 Re8 23. Nd4 Rxa2 24. Bh3 Raxe2 25. Nxe2 Rxe2 26. Qh6 1-0

[Event "66th ch-RUS 2013"]
[Site "Nizhny Novgorod RUS"]
[Date "2013.10.05"]
[Round "1.2"]
[White "Svidler, Peter"]
[Black "Nepomniachtchi, Ian"]
[Result "1-0"]
[WhiteTitle "GM"]
[BlackTitle "GM"]
[WhiteElo "2740"]
[BlackElo "2702"]
[WhiteFideId "4102142"]
[BlackFideId "4168119"]
[EventDate "2013.10.05"]

1. Nf3 c5 2. c4 Nf6 3. Nc3 d5 4. cxd5 Nxd5 5. e3 Nxc3 6. bxc3 g6 7. h4 Bg7 8. h5
Nc6 9. Rb1 Qc7 10. d4 Bd7 11. Bd3 Rd8 12. Qc2 Bg4 13. Ng5 cxd4 14. Qb3 e6 15.
exd4 Rd7 16. Ne4 O-O 17. hxg6 hxg6 18. Bg5 f6 19. Be3 Na5 20. Qc2 b6 21. f3 Bf5
22. Rc1 Nc4 23. Bf2 Rc8 24. Qe2 e5 25. O-O Rdd8 26. Bh4 Rf8 27. g4 Be6 28. f4
exf4 29. Nc5 Bf7 30. Ne6 Qd6 31. Nxf8 Bxf8 32. Qh2 Qe6 33. Qxf4 Bd6 34. Bxc4
Rxc4 35. Qf3 g5 36. Rce1 Qd7 37. Bg3 Be7 38. Rf2 Bd8 39. Re3 b5 40. Qe4 Kg7 41.
Qf5 Qxf5 42. Rxf5 b4 43. Rc5 Rxc3 44. Rexc3 bxc3 45. Rxc3 Bxa2 46. Ra3 Be6 47.
Rxa7+ Kf8 48. Bc7 Be7 49. Bb6 Ke8 50. Bc5 Bd8 51. Kf2 Bxg4 52. d5 Bc8 53. Rg7 f5
54. Rg8+ Kd7 55. Rg7+ Ke8 56. Rg8+ Kd7 57. Rf8 f4 58. Kf3 Ba6 59. Ke4 Bf1 60.
Rf7+ Ke8 61. Rf8+ Kd7 62. Rf7+ Ke8 63. Rh7 Bf6 64. d6 Bb5 65. Kf5 Bc3 66. Re7+ 1-0

[Event "66th ch-RUS 2013"]
[Site "Nizhny Novgorod RUS"]
[Date "2013.10.05"]
[Round "1.4"]
[White "Goganov, Aleksey"]
[Black "Vitiugov, Nikita"]
[Result "0-1"]
[WhiteTitle "IM"]
[BlackTitle "GM"]
[WhiteElo "2575"]
[BlackElo "2729"]
[WhiteFideId "24109959"]
[BlackFideId "4152956"]
[EventDate "2013.10.05"]

1. d4 Nf6 2. c4 e6 3. Nf3 Bb4+ 4. Bd2 Qe7 5. g3 Bxd2+ 6. Qxd2 Nc6 7. Nc3 d5 8.
Ne5 dxc4 9. Nxc6 bxc6 10. Bg2 O-O 11. O-O Rb8 12. Rfd1 Rd8 13. Qc2 Ba6 14. Ne4
Nxe4 15. Bxe4 g6 16. Bxc6 Qb4 17. Rab1 Rd6 18. Bf3 Qa5 19. b3 Rb4 20. bxc4 Rxc4
21. Rb8+ Kg7 22. Qb2 Qc3 23. Qxc3 Rxc3 24. Ra8 c5 25. Rxa7 cxd4 26. Rd2 Bc4 27.
h4 e5 28. Rb2 Ra6 29. Rxa6 Bxa6 30. a4 Rc4 31. Bb7 Rxa4 32. Bxa6 Rxa6 33. f3 h5
34. Kf2 Kf6 35. e3 Ke6 36. exd4 exd4 37. g4 Ke5 38. gxh5 gxh5 39. Rb5+ Kf4 40.
Rxh5 Ra2+ 41. Ke1 f5 42. Rh8 Ke3 43. Re8+ Kxf3 44. h5 Rh2 45. Rh8 f4 46. h6 Re2+
47. Kd1 Re6 48. h7 Re7 49. Kd2 Ke4 50. Ke2 d3+ 51. Kf2 f3 52. Ra8 Rxh7 53. Ra4+
Kd5 54. Ke3 Rf7 55. Ra1 f2 56. Rf1 Kc4 57. Kd2 Ra7 58. Rc1+ Kd4 59. Ra1 Ra2+ 0-1

[Event "66th ch-RUS 2013"]
[Site "Nizhny Novgorod RUS"]
[Date "2013.10.06"]
[Round "2.1"]
[White "Nepomniachtchi, Ian"]
[Black "Andreikin, Dmitry"]
[Result "1-0"]
[WhiteTitle "GM"]
[BlackTitle "GM"]
[WhiteElo "2702"]
[BlackElo "2706"]
[WhiteFideId "4168119"]
[BlackFideId "4158814"]
[EventDate "2013.10.05"]

1. e4 c6 2. d4 d5 3. e5 c5 4. dxc5 Nc6 5. a3 e6 6. Nf3 Bxc5 7. b4 Bb6 8. Bb2
Nge7 9. Bd3 Ng6 10. O-O O-O 11. Re1 a5 12. b5 Nce7 13. a4 Bc5 14. Nbd2 Qb6 15.
Rf1 Qc7 16. Nb3 b6 17. Re1 Bb4 18. c3 Bc5 19. Rc1 Bb7 20. Nbd4 Rae8 21. Rc2 Nf4
22. Bf1 Nf5 23. Bc1 Ng6 24. Bd3 Bc8 25. g3 h6 26. h4 Qd8 27. h5 Nge7 28. Nb3
Nxg3 29. Nxc5 Nxh5 30. Nh2 bxc5 31. Qxh5 c4 32. Bf1 Nf5 33. Ba3 d4 34. Bg2 d3
35. Rd2 Ne7 36. Qg4 1-0

[Event "66th ch-RUS 2013"]
[Site "Nizhny Novgorod RUS"]
[Date "2013.10.06"]
[Round "2.4"]
[White "Shomoev, Anton"]
[Black "Inarkiev, Ernesto"]
[Result "1/2-1/2"]
[WhiteTitle "GM"]
[BlackTitle "GM"]
[WhiteElo "2579"]
[BlackElo "2695"]
[WhiteFideId "4135148"]
[BlackFideId "4162722"]
[EventDate "2013.10.05"]

1. d4 Nf6 2. c4 e6 3. Nc3 Bb4 4. e3 O-O 5. Bd3 c5 6. Nf3 cxd4 7. exd4 d5 8. O-O
dxc4 9. Bxc4 b6 10. Bg5 Bb7 11. Ne5 Be7 12. Qe2 Nc6 13. Rad1 Rc8 14. Rfe1 Nb4
15. Nxf7 Rxf7 16. Bxe6 Rc7 17. d5 Rd7 18. d6 Rxd6 19. Bxf6 gxf6 20. Rxd6 Bxd6
21. Bxf7+ Kxf7 22. Qe6+ Kf8 23. Rd1 Nd3 24. Rxd3 Bxh2+ 25. Kxh2 Qxd3 26. Qxf6+
Ke8 27. Qe5+ Kd7 28. Nb5 Qd5 29. Qg7+ Kc6 30. Nc3 Qf5 31. Qd4 Kc7 32. a4 Bc6 33.
f3 Qh5+ 34. Kg1 Qg5 35. Kf2 Qg6 36. Qe5+ Kb7 37. Qe7+ Kb8 38. Qd8+ Kb7 39. Qe7+
Kb8 40. Qe5+ Kb7 41. Qe2 Qf6 42. Qc4 a6 43. b4 b5 44. axb5 axb5 45. Qc5 Qh4+ 46.
Ke2 Qh2 47. Qg5 Qd6 48. Nxb5 Qxb4 49. Qg7+ Kb6 50. Nd4 Qb2+ 51. Ke3 Qc1+ 52. Kf2
Qd2+ 53. Ne2 Qc2 54. Ke3 Bb5 55. Qf6+ Kb7 56. Qe7+ Kb6 57. Qd6+ Kb7 58. Qd5+ Bc6
59. Qe5 Qb3+ 60. Kf2 Qc2 61. Kg3 Qg6+ 62. Kh2 Kc8 63. Nf4 Qf7 64. Qe6+ Qxe6 65.
Nxe6 Bd5 66. Nf4 Bb3 67. Kg3 Kd7 68. Kg4 Ke7 69. Kg5 Kf7 70. Nh5 Bc2 71. Kh6 Ke6
72. Kg5 Kf7 73. Ng3 Bd3 74. Ne4 Kg7 75. g3 h6+ 76. Kf5 Bc2 77. f4 Bb3 78. Nd6
Ba2 79. Nb5 Kf7 80. Nd4 Bc4 81. Nf3 Bd3+ 82. Ke5 Kg6 83. f5+ Bxf5 84. Nh4+ Kg5
85. Nxf5 h5 86. Ke6 Kg6 87. Ke5 Kg5 88. Nd4 Kg4 89. Ne2 h4 90. gxh4 Kxh4 91. Ke4 1/2-1/2

[Event "66th ch-RUS 2013"]
[Site "Nizhny Novgorod RUS"]
[Date "2013.10.06"]
[Round "2.5"]
[White "Karjakin, Sergey"]
[Black "Goganov, Aleksey"]
[Result "1/2-1/2"]
[WhiteTitle "GM"]
[BlackTitle "IM"]
[WhiteElo "2762"]
[BlackElo "2575"]
[WhiteFideId "14109603"]
[BlackFideId "24109959"]
[EventDate "2013.10.05"]

1. e4 e6 2. d4 d5 3. Nc3 Nf6 4. e5 Nfd7 5. f4 c5 6. Nf3 Nc6 7. Be3 cxd4 8. Nxd4
Bc5 9. Qd2 O-O 10. O-O-O a6 11. Qf2 Bxd4 12. Bxd4 b5 13. Be3 Qa5 14. Kb1 b4 15.
Ne2 Qc7 16. Nd4 Nxd4 17. Bxd4 a5 18. Bb5 Ba6 19. Bxd7 Qxd7 20. g4 a4 21. b3 Rfc8
22. f5 Qb5 23. Rhe1 axb3 24. cxb3 Rc3 25. Re3 Rxe3 26. Bxe3 Rc8 27. f6 gxf6 28.
Qxf6 Qe2 29. Qg5+ Kf8 30. Bc5+ Rxc5 31. Qd8+ Kg7 32. Qg5+ Kf8 33. Qd8+ Kg7 1/2-1/2

[Event "66th ch-RUS 2013"]
[Site "Nizhny Novgorod RUS"]
[Date "2013.10.07"]
[Round "3.1"]
[White "Svidler, Peter"]
[Black "Shomoev, Anton"]
[Result "1-0"]
[WhiteTitle "GM"]
[BlackTitle "GM"]
[WhiteElo "2740"]
[BlackElo "2579"]
[WhiteFideId "4102142"]
[BlackFideId "4135148"]
[EventDate "2013.10.05"]

1. Nf3 Nf6 2. c4 b6 3. Nc3 Bb7 4. d4 e6 5. a3 d5 6. Qa4+ Bc6 7. Qc2 dxc4 8. e3
b5 9. a4 b4 10. Nb1 b3 11. Qxc4 Bd5 12. Qb5+ Nbd7 13. Nc3 Rb8 14. Qd3 Bb4 15.
Bd2 c5 16. dxc5 Nxc5 17. Qd4 O-O 18. Nxd5 Nxd5 19. Bc4 Bxd2+ 20. Nxd2 Qa5 21.
O-O Rfd8 22. Bb5 Nf6 23. Qxc5 Rxd2 24. Rad1 Rxd1 25. Rxd1 h6 26. h3 Nd5 27. Qc4
Qb4 28. Qxb4 Nxb4 29. Rd4 a5 30. Kf1 Rc8 31. Rc4 Rd8 32. Ke2 g5 33. Rc5 Na2 34.
Bc4 Nc1+ 35. Ke1 Kg7 36. Be2 Na2 37. Rxa5 Rc8 38. Bd1 Rc2 39. Rb5 Rxb2 40. Rxb3
Rxb3 41. Bxb3 1-0

[Event "66th ch-RUS 2013"]
[Site "Nizhny Novgorod RUS"]
[Date "2013.10.07"]
[Round "3.3"]
[White "Andreikin, Dmitry"]
[Black "Kramnik, Vladimir"]
[Result "1-0"]
[WhiteTitle "GM"]
[BlackTitle "GM"]
[WhiteElo "2706"]
[BlackElo "2796"]
[WhiteFideId "4158814"]
[BlackFideId "4101588"]
[EventDate "2013.10.05"]

1. e4 e5 2. Nf3 Nc6 3. Bb5 Nf6 4. O-O Nxe4 5. d4 Nd6 6. dxe5 Nxb5 7. a4 Nbd4 8.
Nxd4 Nxd4 9. Qxd4 d5 10. exd6 Qxd6 11. Qe3+ Be6 12. Nc3 a6 13. Rd1 Qc6 14. Rd3
Rc8 15. Ne2 Bc5 16. Qg3 f6 17. Be3 Bd6 18. Bf4 Bxf4 19. Nxf4 O-O 20. Rc3 Qd6 21.
Nxe6 Qxe6 22. Rxc7 Rxc7 23. Qxc7 Rc8 24. Qxb7 Rxc2 25. h3 Qe2 26. Qb8+ Kf7 27.
Qa7+ Kg8 28. b4 h6 29. Qb8+ Kh7 30. Qf4 Qe6 31. Qd4 Qe2 32. Qf4 Qe6 33. Rb1 Qa2
34. Qf5+ Kg8 35. Rd1 Qxa4 36. Rd8+ Kf7 37. Qd5+ Kg6 38. Qd3+ Kf7 39. Rd7+ Ke8
40. Rd8+ Kf7 41. Rd7+ Ke8 42. Rxg7 Qa1+ 43. Kh2 Qe5+ 44. Qg3 Qxg3+ 45. Kxg3 Rb2
46. Rb7 Kf8 47. Rh7 Rb3+ 48. f3 Rxb4 49. Rxh6 Kg7 50. Rh5 Ra4 51. h4 Kg6 52. Rc5
a5 53. h5+ Kg7 54. f4 Ra2 55. Kf3 a4 56. Ra5 a3 57. g4 Kh6 58. Ra6 Kg7 59. Ra7+
Kg8 60. Ke4 Rg2 61. Kf5 a2 62. h6 Kh8 63. g5 fxg5 64. fxg5 Rb2 65. Kg6 Rb6+ 66.
Kh5 Rb5 67. Rxa2 Kh7 68. Ra7+ Kg8 69. Rg7+ Kh8 70. Rf7 Kg8 71. Rf6 Kh7 72. Re6
Ra5 73. Re7+ Kg8 74. Kg6 Ra6+ 75. Kf5 Ra1 76. g6 Rf1+ 77. Ke5 Re1+ 78. Kd6 Rd1+
79. Kc5 Rc1+ 80. Kb4 Rc8 81. Kb5 Ra8 82. Kb6 Rb8+ 83. Ka7 Rd8 84. Rb7 1-0

[Event "66th ch-RUS 2013"]
[Site "Nizhny Novgorod RUS"]
[Date "2013.10.07"]
[Round "3.4"]
[White "Goganov, Aleksey"]
[Black "Nepomniachtchi, Ian"]
[Result "1/2-1/2"]
[WhiteTitle "IM"]
[BlackTitle "GM"]
[WhiteElo "2575"]
[BlackElo "2702"]
[WhiteFideId "24109959"]
[BlackFideId "4168119"]
[EventDate "2013.10.05"]

1. d4 Nf6 2. c4 g6 3. Nf3 Bg7 4. g3 c5 5. Bg2 O-O 6. O-O d6 7. dxc5 dxc5 8. Nc3
Nc6 9. Be3 Be6 10. Qa4 Rc8 11. Bxc5 Nd7 12. Be3 Nb6 13. Bxb6 Qxb6 14. Nd5 Bxd5
15. cxd5 Nd4 16. Nxd4 Bxd4 17. Rab1 Rc7 18. b4 Rfc8 19. e3 Bf6 20. Bh3 Rd8 21.
Rfd1 h5 22. Rd3 Kg7 23. Qb3 a5 24. a3 axb4 25. Qxb4 Qa6 26. Bf1 Qa7 27. d6 exd6
28. Rxd6 Rxd6 29. Qxd6 Qa5 30. Rb5 Qc3 31. a4 Re7 32. Qd5 Qa1 33. Qb3 h4 34. Rd5
Rc7 35. Rd1 Qc3 36. Qxc3 Bxc3 37. gxh4 Bf6 38. h5 gxh5 39. Be2 h4 40. Rb1 Rc2
41. Bg4 Rb2 42. Rc1 b5 43. axb5 Rxb5 44. Kg2 Re5 45. Rb1 Be7 46. Rb7 Bf6 47. Rb3
Rc5 48. Rb7 Re5 49. Kf1 Re7 50. Rb6 Rc7 51. h3 Be7 52. Rb3 Bf6 53. Rb8 Be7 54.
Re8 Bf6 55. Rb8 Be7 56. Rb5 Rc5 57. Rb7 Kf8 58. Ke2 Rc2+ 59. Kf3 Ra2 60. Bf5 Rd2
61. Rb1 Kg7 62. Rg1+ Kf6 63. Bh7 Rb2 64. Rg4 Rb4 65. Be4 Ke5 66. Rf4 Ke6 67. Rf5
Rb8 68. Rh5 Rd8 69. Ke2 Bf6 70. f4 Ke7 71. Rb5 Kf8 72. Bd5 Rd7 73. e4 Bd4 74.
Kf3 Kg7 75. Rb4 Bc3 76. Rc4 Be1 77. Kg4 Bg3 78. Rc6 Be1 79. Kf5 Bg3 80. Rb6 Bf2
81. Rb5 Bg3 82. Kg5 Ra7 83. Rb6 Bf2 84. Rc6 Be3 85. Kg4 Bf2 86. f5 Bd4 87. Kxh4
Be5 88. Kg4 f6 89. Kh5 Ra8 90. Re6 Rh8+ 91. Kg4 Bc3 92. Re7+ Kh6 93. h4 Rh7 94.
Bf7 Rg7+ 95. Kf3 Be5 96. h5 Rg3+ 97. Kf2 Rg4 98. Kf3 Rg3+ 99. Kf2 Rg4 100. Ke3
Rg3+ 101. Kd2 Rh3 102. Bg6 Kg5 103. Ra7 1/2-1/2

[Event "66th ch-RUS 2013"]
[Site "Nizhny Novgorod RUS"]
[Date "2013.10.08"]
[Round "4.1"]
[White "Shomoev, Anton"]
[Black "Vitiugov, Nikita"]
[Result "1/2-1/2"]
[WhiteTitle "GM"]
[BlackTitle "GM"]
[WhiteElo "2579"]
[BlackElo "2729"]
[WhiteFideId "4135148"]
[BlackFideId "4152956"]
[EventDate "2013.10.05"]

1. d4 Nf6 2. c4 e6 3. Nc3 Bb4 4. e3 O-O 5. a3 Bxc3+ 6. bxc3 d6 7. Ne2 e5 8. Ng3
Re8 9. Bd3 e4 10. Bb1 b6 11. f3 Ba6 12. Nxe4 Nxe4 13. Bxe4 Rxe4 14. fxe4 Qh4+
15. g3 Qxe4 16. O-O Bb7 17. d5 Qxc4 18. e4 Nd7 19. Qd4 Ba6 20. Bf4 Qxd4+ 21.
cxd4 Bxf1 22. Kxf1 Nf6 23. Rc1 Nxe4 24. Rxc7 g5 25. Bc1 h6 26. Ke2 Kg7 27. Kd3
Nf6 28. Bd2 Kg6 29. a4 Nxd5 30. Rd7 Nf6 31. Rxd6 Kf5 32. h3 h5 33. g4+ hxg4 34.
hxg4+ Nxg4 35. Rd5+ Kf6 36. Bxg5+ Ke6 37. Rb5 f6 38. Bf4 Rd8 39. a5 Nf2+ 40. Kc4
Rc8+ 41. Kb3 Nd3 42. Bd2 bxa5 43. Rxa5 Rc7 44. Be3 f5 45. d5+ Kd6 46. Bxa7 Nc5+
47. Bxc5+ Rxc5 48. Rxc5 Kxc5 49. Kc3 Kxd5 50. Kd3 Ke5 51. Ke3 f4+ 52. Kf3 Kf5
53. Kf2 Kg4 54. Kg2 f3+ 55. Kf2 Kf4 56. Kf1 Ke3 57. Ke1 f2+ 58. Kf1 Kf3 1/2-1/2

[Event "66th ch-RUS 2013"]
[Site "Nizhny Novgorod RUS"]
[Date "2013.10.08"]
[Round "4.2"]
[White "Kramnik, Vladimir"]
[Black "Goganov, Aleksey"]
[Result "1-0"]
[WhiteTitle "GM"]
[BlackTitle "IM"]
[WhiteElo "2796"]
[BlackElo "2575"]
[WhiteFideId "4101588"]
[BlackFideId "24109959"]
[EventDate "2013.10.05"]

1. Nf3 Nf6 2. g3 c5 3. Bg2 g6 4. d4 cxd4 5. Nxd4 Bg7 6. e4 O-O 7. Nc3 Nc6 8.
Nde2 e6 9. O-O d5 10. exd5 Nxd5 11. Nxd5 exd5 12. Qxd5 Qxd5 13. Bxd5 Nb4 14. Bb3
Bh3 15. Re1 Bf5 16. c3 Nd3 17. Rd1 Rfe8 18. Nf4 Nxc1 19. Raxc1 Bh6 20. Rd4 Rad8
21. Rxd8 Rxd8 22. Rd1 Rxd1+ 23. Bxd1 Be4 24. f3 Bc6 25. Kf2 Kf8 26. Bc2 f5 27.
h4 Ke7 28. Bb3 Kf6 29. Bg8 Kg7 30. Bc4 Kf6 31. a3 b6 32. Ba6 Bf8 33. b4 h6 34.
Ne2 g5 35. Bc8 Bd5 36. f4 gxh4 37. gxh4 Be4 38. Ng3 Bc2 39. Ba6 Bd6 40. Ke3 Ba4
41. Bc8 Bc2 42. Bd7 Kg6 43. Ne2 Bb1 44. Nd4 a5 45. Be8+ Kf6 46. h5 axb4 47. axb4
Be4 48. Bc6 Bb1 49. Ba4 Ba2 50. Bb3 Bb1 51. Bc2 Bxc2 52. Nxc2 Ke6 53. Nd4+ Kf6
54. Nb5 Bb8 55. c4 Ke6 56. Nd4+ Kf6 57. c5 bxc5 58. bxc5 Ba7 59. c6 Bb6 60. Kf3
Ba5 61. Nb5 Ke6 62. Ke3 Bb6+ 63. Kd3 Ke7 64. Nd4 Kf6 65. Kc4 Bc7 66. Ne2 Ke6 67.
Kc5 Ke7 68. Kb5 Kd8 69. Nd4 Bd6 70. Kb6 Kc8 71. Ne6 Kb8 72. Kb5 1-0

[Event "66th ch-RUS 2013"]
[Site "Nizhny Novgorod RUS"]
[Date "2013.10.08"]
[Round "4.3"]
[White "Svidler, Peter"]
[Black "Andreikin, Dmitry"]
[Result "1-0"]
[WhiteTitle "GM"]
[BlackTitle "GM"]
[WhiteElo "2740"]
[BlackElo "2706"]
[WhiteFideId "4102142"]
[BlackFideId "4158814"]
[EventDate "2013.10.05"]

1. e4 e5 2. Nf3 Nc6 3. Bb5 Nf6 4. d3 d6 5. O-O Bd7 6. c4 g6 7. Nc3 Bg7 8. Be3
O-O 9. h3 Nb8 10. Qb3 c6 11. Ba4 Qc8 12. Qd1 Na6 13. d4 exd4 14. Bxd4 Be6 15.
Qe2 Re8 16. Rad1 Nc5 17. Bc2 Ncd7 18. Ng5 Qc7 19. f4 Qa5 20. a3 h6 21. Nf3 Nh5
22. Bxg7 Kxg7 23. Qd2 Qb6+ 24. Rf2 Bxc4 25. Na4 Qc7 26. Qc3+ Nhf6 27. Qxc4 b5
28. Qb4 bxa4 29. Rxd6 Rab8 30. Qd2 Red8 31. e5 Ne8 32. Qc3 Nb6 33. Rxc6 Qb7 34.
f5 Nd5 35. Qc5 Qxb2 36. fxg6 f6 37. Nd4 1-0

[Event "66th ch-RUS 2013"]
[Site "Nizhny Novgorod RUS"]
[Date "2013.10.08"]
[Round "4.5"]
[White "Karjakin, Sergey"]
[Black "Inarkiev, Ernesto"]
[Result "1/2-1/2"]
[WhiteTitle "GM"]
[BlackTitle "GM"]
[WhiteElo "2762"]
[BlackElo "2695"]
[WhiteFideId "14109603"]
[BlackFideId "4162722"]
[EventDate "2013.10.05"]

1. e4 e5 2. Nf3 Nc6 3. Bb5 a6 4. Ba4 Nf6 5. O-O Be7 6. Re1 b5 7. Bb3 O-O 8. c3
d5 9. exd5 Nxd5 10. Nxe5 Nxe5 11. Rxe5 c6 12. d3 Bd6 13. Re1 Bf5 14. Qf3 Qh4 15.
g3 Qh3 16. Bxd5 cxd5 17. Qxd5 Rad8 18. Qg2 Qxg2+ 19. Kxg2 Bxd3 20. Be3 f6 21.
Nd2 b4 22. Bd4 bxc3 23. Bxc3 Rfe8 24. f3 Kf7 25. Rac1 Rxe1 26. Rxe1 Be7 27. g4
h5 28. h3 g6 29. Nb3 Rd7 30. Nd4 Bc4 31. Nc6 Bd5 32. Nxe7 Rxe7 33. Rd1 Bxa2 34.
gxh5 gxh5 35. Rd4 Re6 36. Kg3 Rc6 37. Kh4 Kg6 38. Rd1 Bf7 39. Rd4 Rc4 40. Rxc4
Bxc4 41. f4 1/2-1/2

[Event "66th ch-RUS 2013"]
[Site "Nizhny Novgorod RUS"]
[Date "2013.10.09"]
[Round "5.1"]
[White "Vitiugov, Nikita"]
[Black "Karjakin, Sergey"]
[Result "1/2-1/2"]
[WhiteTitle "GM"]
[BlackTitle "GM"]
[WhiteElo "2729"]
[BlackElo "2762"]
[WhiteFideId "4152956"]
[BlackFideId "14109603"]
[EventDate "2013.10.05"]

1. d4 Nf6 2. c4 e6 3. Nc3 Bb4 4. Qc2 d5 5. cxd5 Qxd5 6. Nf3 Qf5 7. Qd1 O-O 8. e3
Ne4 9. Bd2 Nxd2 10. Qxd2 Nd7 11. Bd3 Qa5 12. Qc2 h6 13. O-O c5 14. a3 Bxc3 15.
Qxc3 Qxc3 16. bxc3 b6 17. a4 Bb7 18. a5 Rfc8 19. Rfb1 Kf8 20. Kf1 Ke7 21. Ra3
Bc6 22. Ba6 Rc7 23. Bd3 Rcc8 24. Ba6 Rc7 25. Bd3 1/2-1/2

[Event "66th ch-RUS 2013"]
[Site "Nizhny Novgorod RUS"]
[Date "2013.10.09"]
[Round "5.3"]
[White "Goganov, Aleksey"]
[Black "Svidler, Peter"]
[Result "1/2-1/2"]
[WhiteTitle "IM"]
[BlackTitle "GM"]
[WhiteElo "2575"]
[BlackElo "2740"]
[WhiteFideId "24109959"]
[BlackFideId "4102142"]
[EventDate "2013.10.05"]

1. d4 Nf6 2. c4 g6 3. Nf3 Bg7 4. g3 O-O 5. Bg2 c5 6. O-O cxd4 7. Nxd4 d5 8. cxd5
Nxd5 9. Nb5 Be6 10. Nd4 Bc8 11. Nb5 Be6 12. Bxd5 Bxd5 13. N1c3 Bxc3 14. Nxc3 Be6
15. Bh6 Qxd1 16. Rfxd1 Rc8 17. Nd5 Nc6 18. Rac1 Rd8 19. Nc7 Rxd1+ 20. Rxd1 Rd8
21. Rxd8+ Nxd8 22. Nxe6 Nxe6 23. Bd2 Nd4 24. Kf1 b5 25. Be3 Nc6 26. Bc5 h5 27.
f3 f6 28. e4 Kf7 29. Ke2 e5 30. h3 a6 31. Kd3 Ke6 32. Ke3 Na5 33. Kd3 Nc6 34.
Ke3 Na5 35. Kd3 Nc6 36. Ke3 1/2-1/2

[Event "66th ch-RUS 2013"]
[Site "Nizhny Novgorod RUS"]
[Date "2013.10.09"]
[Round "5.4"]
[White "Inarkiev, Ernesto"]
[Black "Nepomniachtchi, Ian"]
[Result "0-1"]
[WhiteTitle "GM"]
[BlackTitle "GM"]
[WhiteElo "2695"]
[BlackElo "2702"]
[WhiteFideId "4162722"]
[BlackFideId "4168119"]
[EventDate "2013.10.05"]

1. d4 Nf6 2. c4 g6 3. g3 Bg7 4. Bg2 c5 5. d5 O-O 6. Nc3 d6 7. Nf3 e6 8. O-O exd5
9. cxd5 Re8 10. Nd2 a6 11. a4 Nbd7 12. h3 Rb8 13. Rb1 Qc7 14. b3 b5 15. Bb2 b4
16. Nce4 Nxe4 17. Nxe4 Bxb2 18. Rxb2 a5 19. Qd3 Rb6 20. g4 Qd8 21. f4 Ba6 22.
Qe3 f5 23. gxf5 gxf5 24. Qg3+ Kh8 25. Ng5 Qf6 26. Rf2 c4 27. e4 c3 28. Rb1 fxe4
29. Bxe4 Nf8 30. Kh2 Rb7 31. Rg1 Rg7 32. Rfg2 Ree7 33. Qf3 h6 34. Ne6 Nxe6 35.
dxe6 Qxe6 36. Bg6 Bb7 37. Qh5 Bxg2 38. Qxh6+ Rh7 39. Qf8+ Qg8 40. Qxg8+ Kxg8 41.
Bxh7+ Kxh7 42. Rxg2 d5 0-1

[Event "66th ch-RUS 2013"]
[Site "Nizhny Novgorod RUS"]
[Date "2013.10.11"]
[Round "6.2"]
[White "Kramnik, Vladimir"]
[Black "Inarkiev, Ernesto"]
[Result "1-0"]
[WhiteTitle "GM"]
[BlackTitle "GM"]
[WhiteElo "2796"]
[BlackElo "2695"]
[WhiteFideId "4101588"]
[BlackFideId "4162722"]
[EventDate "2013.10.05"]

1. e4 c5 2. b3 Nc6 3. Bb2 d5 4. exd5 Qxd5 5. Nc3 Qe5+ 6. Qe2 Qxe2+ 7. Ngxe2 Bf5
8. O-O-O O-O-O 9. g3 e5 10. f4 exf4 11. Nxf4 Nf6 12. Bc4 Nd4 13. d3 Bd6 14. Rdf1
Bd7 15. Nce2 Bxf4+ 16. Nxf4 Bc6 17. Rhg1 Rd7 18. Bxd4 cxd4 19. b4 b5 20. Bb3 Ng4
21. Nh5 Nxh2 22. Rf2 Ng4 23. Rf4 f5 24. Be6 g6 25. Ng7 Ne5 26. Re1 Nf3 27. Re2
Rd8 28. Bxd7+ Rxd7 29. Ne6 Rd6 30. Nf8 h5 31. Re6 Rxe6 32. Nxe6 Bd7 33. Nf8 Ng1
34. Kd1 Be8 35. Rxd4 Nf3 36. Rd6 g5 37. Ne6 Bd7 38. Nc5 Be8 39. Re6 Kd8 40. Nb7+
Kd7 41. Re3 g4 42. Nc5+ Kd8 43. Ne6+ Kd7 44. Nf4 Bf7 45. d4 h4 46. Rxf3 gxf3 47.
gxh4 Bxa2 48. Ke1 Ke7 49. d5 Kd6 50. h5 Ke5 51. h6 Kxf4 52. Kf2 1-0

[Event "66th ch-RUS 2013"]
[Site "Nizhny Novgorod RUS"]
[Date "2013.10.12"]
[Round "7.2"]
[White "Vitiugov, Nikita"]
[Black "Kramnik, Vladimir"]
[Result "1/2-1/2"]
[WhiteTitle "GM"]
[BlackTitle "GM"]
[WhiteElo "2729"]
[BlackElo "2796"]
[WhiteFideId "4152956"]
[BlackFideId "4101588"]
[EventDate "2013.10.05"]

1. c4 c5 2. Nf3 Nf6 3. Nc3 d5 4. cxd5 Nxd5 5. g3 g6 6. Bg2 Bg7 7. Ng5 e6 8. Nge4
Na6 9. d3 O-O 10. O-O b6 11. Bg5 f6 12. Nxd5 exd5 13. Nc3 Be6 14. Bf4 Qd7 15. d4
Rad8 16. Rc1 cxd4 17. Qxd4 g5 18. Bd2 Nc5 19. Qb4 d4 20. Ne4 d3 21. e3 Nxe4 22.
Bxe4 Bxa2 23. b3 Qe6 24. Rc4 f5 25. Bg2 f4 26. exf4 gxf4 27. Re1 Qd6 28. Qa4
fxg3 29. hxg3 b5 30. Qxb5 Qb6 31. Qxb6 axb6 32. Rb4 Bd4 33. Re4 Bxf2+ 34. Kh2
Rf6 35. Bg5 d2 36. Bxf6 d1=Q 37. Rg4+ Kf7 38. Bxd8 Bg1+ 39. Kh3 Qxd8 40. Rbf4+
Ke7 41. Re4+ Kf6 42. Ref4+ Ke7 43. Re4+ Kd6 44. Rd4+ Bxd4 45. Rxd4+ Ke7 46. Rxd8
Kxd8 47. Be4 Bxb3 48. Bxh7 b5 49. Kg4 Ke7 1/2-1/2

[Event "66th ch-RUS 2013"]
[Site "Nizhny Novgorod RUS"]
[Date "2013.10.12"]
[Round "7.3"]
[White "Inarkiev, Ernesto"]
[Black "Svidler, Peter"]
[Result "1/2-1/2"]
[WhiteTitle "GM"]
[BlackTitle "GM"]
[WhiteElo "2695"]
[BlackElo "2740"]
[WhiteFideId "4162722"]
[BlackFideId "4102142"]
[EventDate "2013.10.05"]

1. d4 Nf6 2. c4 g6 3. g3 c6 4. Nf3 d5 5. Qb3 Bg7 6. Bg2 O-O 7. O-O Qb6 8. Nc3
Rd8 9. Qa3 dxc4 10. Qxe7 Na6 11. Na4 Qc7 12. Qxc7 Nxc7 13. b3 cxb3 14. axb3 Ne4
15. e3 b5 16. Nb2 c5 17. Nd2 Nxd2 18. Bxd2 Rb8 19. Ba5 Rd7 20. Rac1 Na6 21. Rc2
Re7 22. dxc5 Bf5 23. e4 Be6 24. b4 Rc8 25. Rfc1 Nb8 26. e5 Bxe5 27. c6 Bf5 28.
Re2 Bxb2 29. Rxe7 Bxc1 30. c7 Bg5 31. cxb8=Q Rxb8 32. Rxa7 Re8 33. Bd5 Re7 34.
Ra8+ Kg7 35. h4 Bf6 36. Bb6 Rd7 37. Bc5 Rxd5 38. Bf8+ Kg8 39. Be7+ Kg7 40. Bf8+
Kg8 41. Be7+ 1/2-1/2